Pharmacology for nursing care / (Record no. 19193)
[ view plain ]
| 000 -LEADER | |
|---|---|
| fixed length control field | 01206cam a2200325 a 4500 |
| 001 - CONTROL NUMBER | |
| control field | 17200210 |
| 005 - DATE AND TIME OF LATEST TRANSACTION | |
| control field | 20150427113101.0 |
| 008 - FIXED-LENGTH DATA ELEMENTS--GENERAL INFORMATION | |
| fixed length control field | 120229t2013 moua frb 001 0 eng d |
| 020 ## - INTERNATIONAL STANDARD BOOK NUMBER | |
| International Standard Book Number | 9781437735826 (hardcover : alk. paper) |
| 040 ## - CATALOGING SOURCE | |
| Original cataloging agency | DNLM/DLC |
| Transcribing agency | DLC |
| Modifying agency | DLC |
| -- | EG-ScBUE |
| 082 00 - DEWEY DECIMAL CLASSIFICATION NUMBER | |
| Classification number | 615.1076 |
| Edition number | 22 |
| Item number | LEH |
| 100 1# - MAIN ENTRY--PERSONAL NAME | |
| Personal name | Lehne, Richard A., |
| Dates associated with a name | 1943- |
| 9 (RLIN) | 37638 |
| 245 10 - TITLE STATEMENT | |
| Title | Pharmacology for nursing care / |
| Statement of responsibility, etc | Richard A. Lehne ; in consultation with Linda A. Moore, Leanna J. Crosby, Diane B. Hamilton. |
| 250 ## - EDITION STATEMENT | |
| Edition statement | 8th ed. |
| 260 ## - PUBLICATION, DISTRIBUTION, ETC. (IMPRINT) | |
| Place of publication, distribution, etc | Missouri : |
| Name of publisher, distributor, etc | Elsevier / Saunders, |
| Date of publication, distribution, etc | c.2013. |
| 300 ## - PHYSICAL DESCRIPTION | |
| Extent | x, 1467 p. : |
| Other physical details | ill. (col.) ; |
| Dimensions | 29 cm. |
| 500 ## - GENERAL NOTE | |
| General note | Index : p. 1415-1467. |
| 500 ## - GENERAL NOTE | |
| General note | Includes appendixes. |
| 504 ## - BIBLIOGRAPHY, ETC. NOTE | |
| Bibliography, etc | Includes bibliographical references. |
| 650 #7 - SUBJECT ADDED ENTRY--TOPICAL TERM | |
| Topical term or geographic name as entry element | Pharmacology |
| Form subdivision | nurses' instruction. |
| 9 (RLIN) | 37643 |
| Source of heading or term | BUEsh |
| 650 #7 - SUBJECT ADDED ENTRY--TOPICAL TERM | |
| Topical term or geographic name as entry element | Drug Therapy |
| Form subdivision | Nurses' Instruction. |
| 9 (RLIN) | 37644 |
| Source of heading or term | BUEsh |
| 650 #7 - SUBJECT ADDED ENTRY--TOPICAL TERM | |
| Topical term or geographic name as entry element | Pharmacology |
| Form subdivision | Examinations, questions, etc. |
| 9 (RLIN) | 36103 |
| 651 ## - SUBJECT ADDED ENTRY--GEOGRAPHIC NAME | |
| Source of heading or term | BUEsh |
| 653 ## - INDEX TERM--UNCONTROLLED | |
| Resource For college | Nursing |
| Arrived date list | April2015 |
| 655 ## - INDEX TERM--GENRE/FORM | |
| Form subdivision | |
| -- | 34232 |
| 700 1# - ADDED ENTRY--PERSONAL NAME | |
| Personal name | Moore, Linda A. |
| 9 (RLIN) | 37647 |
| 700 1# - ADDED ENTRY--PERSONAL NAME | |
| Personal name | Crosby, Leanna J. |
| 9 (RLIN) | 37648 |
| 700 1# - ADDED ENTRY--PERSONAL NAME | |
| Personal name | Hamilton, Diane B. |
| 9 (RLIN) | 37649 |
| Fuller form of name | (Diane Bronkema) |
| 942 ## - ADDED ENTRY ELEMENTS (KOHA) | |
| Source of classification or shelving scheme | Dewey Decimal Classification |
| Call number prefix | 615.1076 LEH |
| Withdrawn status | Item status | Source of classification or shelving scheme | Damaged status | Not for loan | Vendor | Home library | Current library | Shelving location | Date acquired | Source of acquisition | Cost, normal purchase price | Serial Enumeration / chronology | Total Checkouts | Total Renewals | Full call number | Barcode | Date last seen | Date last borrowed | Cost, replacement price | Koha item type |
|---|---|---|---|---|---|---|---|---|---|---|---|---|---|---|---|---|---|---|---|---|
| Dewey Decimal Classification | ايمك | Central Library | Central Library | First floor | 19/04/2015 | 947.00 | 2446 | 2 | 8 | 615.1076 LEH | 000038020 | 15/07/2025 | 13/03/2016 | 1183.75 | Book - Borrowing |